Hazardous substances consent (Record no. 104358)

MARC details
000 -LEADER
fixed length control field 01538cam a2200253 4500
001 - CONTROL NUMBER
control field L130115
008 - FIXED-LENGTH DATA ELEMENTS--GENERAL INFORMATION
fixed length control field #DATE n2004 000 0 eng u
035 ## - SYSTEM CONTROL NUMBER
System control number (Sirsi) u130115
041 ## - LANGUAGE CODE
Language code of text/sound track or separate title eng
050 ## - LIBRARY OF CONGRESS CALL NUMBER
Classification number 614.83
-- 18
110 ## - MAIN ENTRY--CORPORATE NAME
Corporate name or jurisdiction name as entry element Office of the Deputy Prime Minister
9 (RLIN) 4685
245 ## - TITLE STATEMENT
Title Hazardous substances consent
Remainder of title a guide for industry
260 ## - PUBLICATION, DISTRIBUTION, ETC.
Place of publication, distribution, etc. London
Name of publisher, distributor, etc. ODPM
Date of publication, distribution, etc. 2004
520 ## - SUMMARY, ETC.
Summary, etc. Supersedes 1992 editon (J704).
520 ## - SUMMARY, ETC.
Summary, etc. Provides practical guidance to the controls set out in the Planning (Hazardous Substances) Act 1990 and the regulations made under that Act. The Act requires hazardous substances consents to be obtained for the presence of hazardous substances at or above specific amounts, known as controlled quantities. Explains the objectives of the controls and the procedural requirements that apply in England and takes account of the changes to the consent procedures introduced as a result of the Seveso II directive (Directive 96/82/EC) on the control of major accident hazards.
650 ## - SUBJECT ADDED ENTRY--TOPICAL TERM
Topical term or geographic name entry element PLANNING (HAZARDOUS SUBSTANCES) REGULATIONS 1992
650 ## - SUBJECT ADDED ENTRY--TOPICAL TERM
Topical term or geographic name entry element PLANNING (HAZARDOUS SUBSTANCES) ACT 1990
650 ## - SUBJECT ADDED ENTRY--TOPICAL TERM
Topical term or geographic name entry element PLANNING (CONTROL OF MAJOR-ACCIDENT HAZARDS) REGULATIONS 1999
650 ## - SUBJECT ADDED ENTRY--TOPICAL TERM
Topical term or geographic name entry element CONTROL OF MAJOR-ACCIDENT HAZARDS REGULATIONS 1999
650 ## - SUBJECT ADDED ENTRY--TOPICAL TERM
Topical term or geographic name entry element DIRECTIVE 96/82/EC
690 ## - LOCAL SUBJECT ADDED ENTRY--TOPICAL TERM (OCLC, RLIN)
Topical term or geographic name as entry element ENVIRONMENTAL AND LAND CONSULTANCY-WASTE MANAGEMENT-HAZARDOUS WASTE TREATMENT
856 ## - ELECTRONIC LOCATION AND ACCESS
Uniform Resource Identifier <a href="https://www.communities.gov.uk/index.asp?id=1143296">https://www.communities.gov.uk/index.asp?id=1143296</a>
Public note View the item free of charge at www.dclg.gov.uk...
942 ## - ADDED ENTRY ELEMENTS (KOHA)
Suppress in OPAC 0
Holdings
Withdrawn status Lost status Source of classification or shelving scheme Damaged status Not for loan Home library Current library Shelving location Date acquired Total Checkouts Full call number Barcode Date last seen Copy number Price effective from Koha item type
    Dewey Decimal Classification     Virtual Virtual Online 24/06/2005   ONLINE PUBLICATION 130115-1001 06/08/2019 1 06/08/2019 Book